| 000 | 00484nam a2200157Ia 4500 | ||
|---|---|---|---|
| 008 | 210716s2005 xx 000 0 und d | ||
| 020 | _a8129711796 | ||
| 041 | _aeng | ||
| 082 | _a004.62 HASM | ||
| 100 | _aHassan, Mahbub;Jain, Raj. | ||
| 245 |
_aHigh performance tcp/ip networking: concepts issues and solutions. _bConcepts issues and solutions. |
||
| 250 | _a1 | ||
| 260 |
_aNew Delhi _bPearson Education _c2005 |
||
| 300 | _axx,383/2015 | ||
| 650 | _aInternet,Working With TCP/IP | ||
| 999 |
_c196136 _d196136 |
||